000 00307nam a22001337a 4500
008 170306b xxu||||| |||| 00| 0 eng d
020 _a9780763709136
041 _aeng
080 _25 ED
_a575
100 _a6
101 _aSHM
245 _aGENETICS ANALYSIS GENES AND GENOMES
_cHARTL.D.L
942 _2udc
_cBK
999 _c6817
_d6817